000 00287nam a22001217a 4500
008 211124b ||||| |||| 00| 0 eng d
020 _a9789352804658
050 _a954.031
_b1
245 _aClaming India
260 _aNew Delhi
_bSAGE Publication
_c2018
300 _a1
942 _2ddc
_cBK
999 _c11907
_d11907